Office 2019: (Record no. 1146)

MARC details
000 -LEADER
fixed length control field 00526nam a22001817a 4500
005 - DATE AND TIME OF LATEST TRANSACTION
control field 20230216021046.0
008 - FIXED-LENGTH DATA ELEMENTS--GENERAL INFORMATION
fixed length control field 230216b |||||||| |||| 00| 0 eng d
020 ## - INTERNATIONAL STANDARD BOOK NUMBER
International Standard Book Number 978-1-84078-820-4
082 ## - DEWEY DECIMAL CLASSIFICATION NUMBER
Classification number 005.5 P931 2018
100 ## - MAIN ENTRY--PERSONAL NAME
Personal name Price, Michael
Relator term author
245 ## - TITLE STATEMENT
Title Office 2019:
Remainder of title in easy steps /
Statement of responsibility, etc. Michael Price
260 ## - PUBLICATION, DISTRIBUTION, ETC.
Place of publication, distribution, etc. United Kingdom:
Name of publisher, distributor, etc. Easy Steps Limited,
Date of publication, distribution, etc. c2018
300 ## - PHYSICAL DESCRIPTION
Extent 240p.:
Other physical details col. ill.
504 ## - BIBLIOGRAPHY, ETC. NOTE
Bibliography, etc. note Includes index
541 ## - IMMEDIATE SOURCE OF ACQUISITION NOTE
Accession number 6362
650 ## - SUBJECT ADDED ENTRY--TOPICAL TERM
Topical term or geographic name entry element Microsoft office
650 ## - SUBJECT ADDED ENTRY--TOPICAL TERM
Topical term or geographic name entry element Business - Computer programs
Holdings
Withdrawn status Lost status Source of classification or shelving scheme Damaged status Not for loan Home library Current library Date acquired Total Checkouts Full call number Barcode Date last seen Copy number Price effective from Koha item type
    Dewey Decimal Classification     ctu-moalboal ctu-moalboal 10/14/2019   005.5 P931 2018 6362 02/16/2023 1 02/16/2023 Books-Reference